=LDR 00000nam 2200000 4500 =001 INLIS000000000039490 =005 20130612145121 =008 ***********************************Ind** =035 ##$$0010-061300000039490 =041 ##$$a Ind =082 ##$$a 813 =090 ##$$a 813 Jes h =100 ##$$a Jessica, Agnes =245 ##$$a Hijau, Agnes Jessica =260 ##$$a s.a $b Jakarta =300 ##$$a 512 hlm, 20 cm =850 ##$$a NBPNMAT =990 ##$$a 0001/BPAP-NTB/2016 =990 ##$$a 0001/BPAP-NTB/2016 =990 ##$$a 0001/BPAP-NTB/2016